[Event "DEN-ch"]
[Site "Svendborg"]
[Date "2024.03.26"]
[Round "4"]
[White "Jacobsen, Mikkel Manosri"]
[Black "Haubro, Martin"]
[Result "1-0"]
[WhiteElo "2367"]
[BlackElo "2436"]
[PlyCount "59"]
[EventDate "2024.03.23"]
[EventType "tourn"]
[EventRounds "9"]
[EventCountry "DEN"]
[EventCategory "7"]
[SourceTitle "CB14_2024"]
[SourceDate "2024.04.01"]
[SourceVersion "1"]
[SourceVersionDate "2024.04.01"]
[SourceQuality "1"]

1. d4 Nf6 2. c4 e6 3. Nf3 d5 4. Nc3 c6 5. Bg5 h6 6. Bh4 dxc4 7. e4 g5 8. Bg3 b5 9. Be2 Nbd7 10. d5 cxd5 11. exd5 Nb6 12. dxe6 Bxe6 13. Nd4 Bb4 14. 0-0 0-0 15. Bf3 Nfd5 16. Ncxb5 Bd7 17. Qc2 a6 18. Nc3 Bxc3 19. bxc3 Ba4 20. Qd2 Qf6 21. Rfe1 Rfe8 22. h3 Rad8 23. Rxe8+ Rxe8 24. Re1 Rxe1+ 25. Qxe1 Nf4 26. Bxf4 Qxf4 27. Qe7 Nd7 28. g3 Qc1+ 29. Kg2 Qxc3 30. Bd5 1-0

[Event "Reykjavik op"]
[Site "Reykjavik"]
[Date "2024.03.18"]
[Round "6"]
[White "Ferzli, Dany Michael"]
[Black "Jacobsen, Mikkel Manosri"]
[Result "0-1"]
[WhiteElo "1879"]
[BlackElo "2367"]
[PlyCount "56"]
[EventDate "2024.03.15"]
[EventType "swiss"]
[EventRounds "9"]
[EventCountry "ISL"]
[SourceTitle "CB13_2024"]
[SourceDate "2024.03.27"]
[SourceVersion "1"]
[SourceVersionDate "2024.03.27"]
[SourceQuality "1"]

1. d4 d5 2. c4 e6 3. Nf3 a6 4. g3 dxc4 5. Bg2 Nc6 6. 0-0 Rb8 7. e4 Be7 8. Nc3 Nf6 9. Bg5 0-0 10. Rc1 b5 11. Re1 Bb7 12. h4 h6 13. Bxf6 Bxf6 14. e5 Be7 15. a4 Nb4 16. Bf1 c5 17. Ne4 cxd4 18. Nxd4 Nd3 19. Bxd3 Qxd4 20. Bc2 Qxe5 21. Nc3 Qc5 22. Qg4 h5 23. Qe2 g6 24. Rcd1 b4 25. Ne4 Qc6 26. Rd4 Rbd8 27. f3 Bc5 28. Nxc5 Qxc5 0-1

[Event "Reykjavik op"]
[Site "Reykjavik"]
[Date "2024.03.17"]
[Round "4"]
[White "Manucharyan, Andriy"]
[Black "Jacobsen, Mikkel Manosri"]
[Result "0-1"]
[WhiteElo "2080"]
[BlackElo "2367"]
[PlyCount "50"]
[EventDate "2024.03.15"]
[EventType "swiss"]
[EventRounds "9"]
[EventCountry "ISL"]
[SourceTitle "CB13_2024"]
[SourceDate "2024.03.27"]
[SourceVersion "1"]
[SourceVersionDate "2024.03.27"]
[SourceQuality "1"]

1. d4 Nf6 2. Bg5 d5 3. Bxf6 gxf6 4. c4 dxc4 5. e3 c5 6. Bxc4 Nc6 7. Qh5 e6 8. Nc3 cxd4 9. 0-0-0 Qb6 10. exd4 Bd7 11. d5 Qc5 12. Qh4 Ne5 13. Qxf6 Nxc4 14. dxe6 Bxe6 15. Qxh8 Qg5+ 16. Kb1 Qg6+ 17. Ka1 f6 18. Nf3 Kf7 19. Rb1 Rc8 20. Nh4 Qh5 21. g3 Bb4 22. Qxc8 Bxc8 23. Rbc1 Be6 24. Rhe1 Qa5 25. Nf3 Nxb2 0-1

[Event "Reykjavik op"]
[Site "Reykjavik"]
[Date "2024.03.16"]
[Round "2"]
[White "Zhou, David"]
[Black "Jacobsen, Mikkel Manosri"]
[Result "0-1"]
[WhiteElo "1954"]
[BlackElo "2367"]
[PlyCount "54"]
[EventDate "2024.03.15"]
[EventType "swiss"]
[EventRounds "9"]
[EventCountry "ISL"]
[SourceTitle "CB13_2024"]
[SourceDate "2024.03.27"]
[SourceVersion "1"]
[SourceVersionDate "2024.03.27"]
[SourceQuality "1"]

1. d4 d5 2. c4 e6 3. Nf3 Nf6 4. g3 Bb4+ 5. Bd2 Be7 6. Bg2 0-0 7. 0-0 Nbd7 8. Qc2 c6 9. Bf4 Ne4 10. h4 f5 11. Nc3 h6 12. Nxe4 fxe4 13. Ne5 Qe8 14. f3 exf3 15. Bxf3 Bf6 16. Ng6 Bxd4+ 17. e3 Rxf4 18. exd4 Rxd4 19. cxd5 cxd5 20. Rae1 Nf6 21. g4 Bd7 22. g5 Rc8 23. Qb1 hxg5 24. hxg5 Nh7 25. Re2 Bb5 26. Rh2 Bd3 27. Rxh7 Qxg6 0-1

[Event "Vaxjo op"]
[Site "Vaxjo"]
[Date "2024.02.11"]
[Round "7"]
[White "Neretljak, Nedzad"]
[Black "Jacobsen, Mikkel Manosri"]
[Result "0-1"]
[WhiteElo "2032"]
[BlackElo "2374"]
[PlyCount "132"]
[EventDate "2024.02.09"]
[EventType "swiss"]
[EventRounds "8"]
[EventCountry "SWE"]
[SourceTitle "CB07_2024"]
[SourceDate "2024.02.14"]
[SourceVersion "1"]
[SourceVersionDate "2024.02.14"]
[SourceQuality "1"]

1. e4 c5 2. Nf3 Nf6 3. Nc3 d5 4. exd5 Nxd5 5. Ne4 e6 6. d4 cxd4 7. Bb5+ Bd7 8. Bxd7+ Qxd7 9. 0-0 Nc6 10. Nxd4 Be7 11. Nxc6 Qxc6 12. Qg4 0-0-0 13. Qe2 h5 14. c4 Nb4 15. Nc3 Bd6 16. Rd1 h4 17. h3 Bb8 18. Be3 Qc7 19. f4 Rxd1+ 20. Rxd1 Rd8 21. a3 Nc6 22. Nb5 Qe7 23. b4 Qf6 24. Rxd8+ Qxd8 25. c5 Qf6 26. Nd6+ Bxd6 27. cxd6 Qc3 28. Qf2 a6 29. f5 Qa1+ 30. Kh2 Qe5+ 31. Bf4 Qxf5 32. Qxh4 Kd7 33. Bg3 e5 34. a4 Kxd6 35. b5 axb5 36. axb5 Ne7 37. Qb4+ Ke6 38. Qc5 Qe4 39. Qb6+ Kd7 40. Qc5 f6 41. Bf2 Qd5 42. Qb4 g5 43. Bc5 Nf5 44. Bf2 Ke6 45. b6 e4 46. Qf8 Ne7 47. Bg3 e3 48. Qa8 e2 49. Qa1 Qe4 50. Qc1 Kf7 51. Be1 Kg6 52. Qc3 Nf5 53. Qc8 Ng7 54. Qc3 Ne6 55. Qb3 Qf4+ 56. g3 Qe4 57. Kg1 Qf5 58. Bf2 Kh6 59. Qe3 Qb1+ 60. Kh2 Qf1 61. h4 Kg6 62. g4 gxh4 63. Qe4+ Kh6 64. Bxh4 Qf4+ 65. Qxf4+ Nxf4 66. Kg1 Nd3 0-1

[Event "Vaxjo op"]
[Site "Vaxjo"]
[Date "2024.02.09"]
[Round "1"]
[White "Olsson, Tomas"]
[Black "Jacobsen, Mikkel Manosri"]
[Result "1-0"]
[WhiteElo "1838"]
[BlackElo "2374"]
[PlyCount "85"]
[EventDate "2024.02.09"]
[EventType "swiss"]
[EventRounds "8"]
[EventCountry "SWE"]
[SourceTitle "CB07_2024"]
[SourceDate "2024.02.14"]
[SourceVersion "1"]
[SourceVersionDate "2024.02.14"]
[SourceQuality "1"]

1. e4 c6 2. d4 d5 3. Nc3 dxe4 4. Nxe4 Bf5 5. Ng3 Bg6 6. Nf3 Nd7 7. h4 h6 8. Bd3 Bxd3 9. Qxd3 e6 10. Bd2 Ngf6 11. Qe2 Be7 12. 0-0-0 0-0 13. Kb1 a5 14. Nf1 a4 15. Rg1 Qb6 16. Ka1 Nd5 17. g4 Bb4 18. a3 Bxd2 19. Qxd2 Qb5 20. g5 h5 21. Ng3 N7b6 22. Ne5 c5 23. Nxh5 cxd4 24. Nf6+ Kh8 25. Rde1 Nc4 26. Nxc4 Qxc4 27. Qd1 g6 28. Nxd5 Qxd5 29. h5 Kg7 30. Rg4 Rfd8 31. hxg6 fxg6 32. Rge4 Ra6 33. Qf3 Rf8 34. Qg4 Rxf2 35. Qh4 Rf7 36. Qh6+ Kg8 37. Rh4 Rg7 38. Qh8+ Kf7 39. Rf1+ Qf5 40. Rxf5+ gxf5 41. Rh7 Rxh7 42. Qxh7+ Ke8 43. g6 1-0

[Event "Figueira da Foz op 17th"]
[Site "Figueira da Foz"]
[Date "2023.11.06"]
[Round "2"]
[White "Jacobsen, Mikkel Manosri"]
[Black "Das, Sayantan"]
[Result "1/2-1/2"]
[WhiteElo "2261"]
[BlackElo "2500"]
[PlyCount "89"]
[EventDate "2023.11.05"]
[EventType "swiss"]
[EventRounds "9"]
[EventCountry "POR"]
[SourceTitle "CB46_2023"]
[SourceDate "2023.11.15"]
[SourceVersion "1"]
[SourceVersionDate "2023.11.15"]
[SourceQuality "1"]

1. c4 Nf6 2. g3 g6 3. Bg2 Bg7 4. Nc3 0-0 5. d3 c5 6. e3 Nc6 7. Nge2 e5 8. a3 d6 9. Rb1 Be6 10. Nd5 Rb8 11. Nec3 Ne7 12. b4 cxb4 13. Rxb4 Nfxd5 14. cxd5 Bd7 15. Qb3 b5 16. Qb1 e4 17. Rb3 a5 18. Bd2 Rc8 19. d4 f5 20. Bf1 b4 21. axb4 axb4 22. Rxb4 Qa5 23. Bb5 Rb8 24. 0-0 Rfc8 25. Nxe4 Rxb5 26. Nxd6 Rxb4 27. Bxb4 Qxd5 28. Nxc8 Nxc8 29. Rc1 Bc6 30. Rxc6 Qxc6 31. Qb3+ Kh8 32. Qf7 h5 33. d5 Qc1+ 34. Kg2 Qc4 35. Bf8 Qe4+ 36. f3 Qe5 37. Bxg7+ Qxg7 38. Qe8+ Qg8 39. Qe5+ Kh7 40. Qc7+ Kh6 41. Qf4+ Kh7 42. Qc7+ Kh6 43. Qf4+ Kg7 44. Qe5+ Kh7 45. Qc7+ 1/2-1/2

[Event "Copenhagen Killer Chess op"]
[Site "Copenhagen"]
[Date "2023.10.18"]
[Round "5"]
[White "Jacobsen, Mikkel Manosri"]
[Black "Skonnord, Uno"]
[Result "0-1"]
[WhiteElo "2321"]
[BlackElo "2100"]
[PlyCount "126"]
[EventDate "2023.10.14"]
[EventType "swiss"]
[EventRounds "9"]
[EventCountry "DEN"]
[SourceTitle "Mega2024 Update 01"]
[Source "Chessbase"]
[SourceDate "2023.11.12"]
[SourceVersion "1"]
[SourceVersionDate "2023.11.12"]
[SourceQuality "1"]

1. g3 g6 2. Bg2 Bg7 3. d4 Nf6 4. c4 0-0 5. Nc3 Nc6 6. Nf3 d5 7. cxd5 Nxd5 8. 0-0 Nb6 9. d5 Na5 10. Bf4 c6 11. dxc6 Nxc6 12. Rc1 Bf5 13. Nh4 Be6 14. b3 Rc8 15. Ne4 Qxd1 16. Rfxd1 Nd4 17. Kf1 Nd5 18. Bd2 Bg4 19. f3 Bd7 20. Kf2 Bb5 21. Bf1 Ne6 22. Ng2 Rfd8 23. h4 b6 24. a4 Ba6 25. b4 h6 26. b5 Bb7 27. Rxc8 Bxc8 28. g4 f5 29. gxf5 gxf5 30. Ng3 Nc3 31. Bxc3 Rxd1 32. Bb4 Bd4+ 33. e3 Bc5 34. Bc3 f4 35. Nf5 fxe3+ 36. Ke2 Rc1 37. Be5 Nf4+ 38. Bxf4 Bxf5 39. Nxe3 Bxe3 40. Bxe3 Bd3+ 41. Kxd3 Rxf1 42. Bxh6 Rxf3+ 43. Kc4 Rg3 44. Kd5 Kf7 45. a5 Rd3+ 46. Kc4 Rh3 47. axb6 Rxh4+ 48. Kd5 Rh5+ 49. Kc4 axb6 50. Be3 Ke6 51. Bxb6 Kd6 52. Bf2 Rf5 53. Bg3+ e5 54. b6 Rf1 55. Kb5 Rb1+ 56. Ka6 Rb3 57. Bh2 Kc6 58. Ka7 e4 59. Bg1 e3 60. Bxe3 Ra3+ 61. Kb8 Rxe3 62. b7 Re8+ 63. Ka7 Kc7 0-1

[Event "Copenhagen Killer Chess op"]
[Site "Copenhagen"]
[Date "2023.10.15"]
[Round "2"]
[White "Jacobsen, Mikkel Manosri"]
[Black "Arizmendi Martinez, Julen Luis"]
[Result "1/2-1/2"]
[WhiteElo "2321"]
[BlackElo "2515"]
[PlyCount "139"]
[EventDate "2023.10.14"]
[EventType "swiss"]
[EventRounds "9"]
[EventCountry "DEN"]
[SourceTitle "Mega2024 Update 01"]
[Source "Chessbase"]
[SourceDate "2023.11.12"]
[SourceVersion "1"]
[SourceVersionDate "2023.11.12"]
[SourceQuality "1"]

1. c4 e6 2. g3 d5 3. Bg2 Nf6 4. Nf3 d4 5. 0-0 c5 6. e3 Nc6 7. exd4 cxd4 8. d3 Bc5 9. Bg5 h6 10. Bxf6 Qxf6 11. Nbd2 Qe7 12. Re1 0-0 13. Nb3 Rb8 14. a3 b6 15. Nh4 Bd7 16. f4 Qd8 17. Nxc5 bxc5 18. Qh5 Rxb2 19. Qxc5 Qe7 20. Qxe7 Nxe7 21. f5 Rfb8 22. fxe6 Bxe6 23. Re4 Rd8 24. Nf3 Nf5 25. Bf1 h5 26. Rae1 Bd7 27. Nxd4 Kf8 28. c5 Rbb8 29. Nxf5 Bxf5 30. Re5 Bxd3 31. Rxh5 Kg8 32. c6 Rbc8 33. c7 Rxc7 34. Bxd3 g6 35. Bxg6 fxg6 36. Rg5 Kf7 37. Re2 Rd6 38. Ra5 a6 39. Kg2 Rc3 40. Kh3 Rb3 41. Re4 Rb2 42. Rea4 Rdd2 43. Rxa6 Rxh2+ 44. Kg4 Kg7 45. Rb4 Rbc2 46. Ra8 Rc7 47. Rba4 Rhc2 48. R8a7 Rxa7 49. Rxa7+ Kf6 50. Ra6+ Kf7 51. Ra4 Rc3 52. Rf4+ Kg7 53. Rf3 Rc4+ 54. Rf4 Rc3 55. a4 Ra3 56. Rc4 Kf6 57. Rc6+ Kf7 58. Ra6 Rc3 59. a5 Ra3 60. Kf4 g5+ 61. Kf5 Rxg3 62. Ra7+ Ke8 63. a6 Ra3 64. Ke6 Kd8 65. Kd6 Rd3+ 66. Kc5 Rc3+ 67. Kb5 Rc7 68. Ra8+ Rc8 69. Ra7 Rc7 70. Ra8+ 1/2-1/2

[Event "POL-chT 1st League"]
[Site "Leba"]
[Date "2023.09.29"]
[Round "7.5"]
[White "Jacobsen, Mikkel Manosri"]
[Black "Kacprzak, Karol1111"]
[Result "0-1"]
[WhiteElo "2313"]
[BlackElo "2317"]
[PlyCount "70"]
[EventDate "2023.09.23"]
[EventType "team-swiss"]
[EventRounds "9"]
[EventCountry "POL"]
[SourceTitle "EXT 2024"]
[Source "ChessBase"]
[SourceDate "2023.10.10"]
[SourceVersion "1"]
[SourceVersionDate "2023.10.10"]
[SourceQuality "1"]
[WhiteTeam "Gostynin Gostmat 83"]
[BlackTeam "Opole Rodlo"]
[WhiteTeamCountry "POL"]
[BlackTeamCountry "POL"]

1. c4 e6 2. g3 Nf6 3. Bg2 d5 4. Nf3 dxc4 5. Qa4+ Nbd7 6. Qxc4 a6 7. Qc2 c5 8. Nc3 Qc7 9. d4 b5 10. Bf4 Qb6 11. d5 Nxd5 12. Nxd5 exd5 13. 0-0-0 Bb7 14. Ng5 Nf6 15. e4 h6 16. e5 hxg5 17. exf6 gxf6 18. Rhe1+ Be7 19. Bxd5 Bxd5 20. Rxd5 gxf4 21. Rxc5 Kf8 22. Rxe7 Kxe7 23. Qe4+ Qe6 24. Qb7+ Qd7 25. Qe4+ Qe6 26. Qb7+ Kf8 27. Qxa8+ Kg7 28. Qf3 Rxh2 29. Kc2 Rh6 30. Qxf4 Rh1 31. g4 Qe2+ 32. Kb3 a5 33. g5 Qd3+ 34. Rc3 Qd1+ 35. Rc2 Rh3+ 0-1

[Event "POL-chT 1st League"]
[Site "Leba"]
[Date "2023.09.26"]
[Round "4.2"]
[White "Jacobsen, Mikkel Manosri"]
[Black "Toczek, Grzegorz"]
[Result "0-1"]
[WhiteElo "2313"]
[BlackElo "2267"]
[PlyCount "80"]
[EventDate "2023.09.23"]
[EventType "team-swiss"]
[EventRounds "9"]
[EventCountry "POL"]
[SourceTitle "EXT 2024"]
[Source "ChessBase"]
[SourceDate "2023.10.10"]
[SourceVersion "1"]
[SourceVersionDate "2023.10.10"]
[SourceQuality "1"]
[WhiteTeam "Gostynin Gostmat 83"]
[BlackTeam "Sedziszow Malopolski"]
[WhiteTeamCountry "POL"]
[BlackTeamCountry "POL"]

1. d4 Nf6 2. Nf3 g6 3. c4 Bg7 4. g3 0-0 5. Bg2 d6 6. Nc3 c6 7. h3 Bf5 8. Nh4 Be6 9. b3 d5 10. Qd3 Na6 11. 0-0 Nb4 12. Qb1 Ne4 13. Nxe4 dxe4 14. Rd1 f5 15. Bf1 b5 16. Bf4 a5 17. e3 bxc4 18. bxc4 Bf6 19. a3 Na6 20. Bh6 Re8 21. f3 Qb8 22. Qxb8 Rexb8 23. fxe4 fxe4 24. Kh2 Rb2+ 25. Ng2 g5 26. Rab1 Rab8 27. Rxb2 Rxb2 28. d5 Bd7 29. c5 Nxc5 30. Bc4 e6 31. Rf1 Be7 32. dxc6 Bxc6 33. h4 Rc2 34. hxg5 Rxc4 35. Nf4 Be8 36. g4 Rc2+ 37. Kg1 Nd3 38. Nxe6 Rc1 39. Rxc1 Nxc1 40. g6 hxg6 0-1

[Event "Gothenburg Kvibergspelen"]
[Site "Gothenburg"]
[Date "2023.09.17"]
[Round "8"]
[White "Strom Engdahl, Alexander"]
[Black "Jacobsen, Mikkel Manosri"]
[Result "1/2-1/2"]
[WhiteElo "2164"]
[BlackElo "2313"]
[PlyCount "128"]
[EventDate "2023.09.15"]
[EventType "swiss"]
[EventRounds "8"]
[EventCountry "SWE"]
[SourceTitle "EXT 2024"]
[Source "ChessBase"]
[SourceDate "2023.10.10"]
[SourceVersion "1"]
[SourceVersionDate "2023.10.10"]
[SourceQuality "1"]

1. e4 c5 2. Nf3 Nf6 3. e5 Nd5 4. Nc3 e6 5. Bc4 Nb6 6. d3 d5 7. exd6 Bxd6 8. 0-0 0-0 9. Re1 Nc6 10. Ne4 Be7 11. c3 Nxc4 12. dxc4 Qxd1 13. Rxd1 e5 14. Be3 b6 15. Nd6 Bg4 16. h3 Be6 17. b3 h6 18. g4 Rfd8 19. Nb5 Rdc8 20. Nd6 Rc7 21. Kf1 Kh7 22. Ke2 g6 23. Nb5 Rb7 24. Nd6 Rd7 25. Nb5 Rad8 26. Rxd7 Rxd7 27. Rd1 Rxd1 28. Kxd1 Bd8 29. Nh2 a6 30. Na3 Bc7 31. Ke2 e4 32. Nf1 f5 33. gxf5 gxf5 34. f4 exf3+ 35. Kxf3 Ne5+ 36. Ke2 Ng6 37. Nd2 f4 38. Bf2 Bxh3 39. b4 Bg4+ 40. Kf1 h5 41. bxc5 bxc5 42. Ne4 Kh6 43. Nxc5 h4 44. Nxa6 Be5 45. Nc5 h3 46. Kg1 f3 47. Nd3 Bb8 48. Nc2 Bf5 49. Nce1 Kh5 50. a4 Ne5 51. Nxe5 Bxe5 52. Nxf3 Bxc3 53. c5 Bd7 54. Bd4 Ba5 55. Ne5 Bxa4 56. Kh2 Kh4 57. Bf2+ Kg5 58. Kxh3 Kf5 59. Nc4 Bc7 60. Bg3 Bxg3 61. Kxg3 Ke4 62. Na5 Kd5 63. c6 Bxc6 64. Nxc6 Kxc6 1/2-1/2

[Event "Gothenburg Kvibergspelen"]
[Site "Gothenburg"]
[Date "2023.09.16"]
[Round "6"]
[White "Joensson, Oscar"]
[Black "Jacobsen, Mikkel Manosri"]
[Result "0-1"]
[WhiteElo "2060"]
[BlackElo "2313"]
[PlyCount "70"]
[EventDate "2023.09.15"]
[EventType "swiss"]
[EventRounds "8"]
[EventCountry "SWE"]
[SourceTitle "EXT 2024"]
[Source "ChessBase"]
[SourceDate "2023.10.10"]
[SourceVersion "1"]
[SourceVersionDate "2023.10.10"]
[SourceQuality "1"]

1. d4 d5 2. c4 e6 3. Nf3 a6 4. g3 dxc4 5. Bg2 Nc6 6. 0-0 Rb8 7. e4 Be7 8. d5 exd5 9. exd5 Nb4 10. Ne5 Nf6 11. Nc3 Bf5 12. a3 Nd3 13. Nxc4 Nxc1 14. Rxc1 0-0 15. Qd4 Ne8 16. Ne4 Nd6 17. Ncxd6 cxd6 18. Rc4 Bd7 19. Rfc1 f5 20. Nd2 Bf6 21. Qa7 Bxb2 22. Rb1 b5 23. Rc2 Bxa3 24. Qxa6 Ra8 25. Qb7 Bc5 26. Nb3 Ra7 27. Nxc5 Rxb7 28. Nxb7 Qb6 29. Rbc1 Rb8 30. Rc6 Qxb7 31. Rc7 Qb6 32. Rxd7 b4 33. Rcc7 Qd4 34. Bh3 b3 35. Bxf5 Qd1+ 0-1

[Event "Copenhagen CC GM"]
[Site "Ballerup"]
[Date "2023.08.24"]
[Round "2"]
[White "Solodovnichenko, Yuri"]
[Black "Jacobsen, Mikkel Manosri"]
[Result "1-0"]
[WhiteElo "2510"]
[BlackElo "2321"]
[PlyCount "59"]
[EventDate "2023.08.23"]
[EventType "tourn"]
[EventRounds "9"]
[EventCountry "DEN"]
[EventCategory "6"]
[SourceTitle "CBM 215 Extra"]
[Source "ChessBase"]
[SourceDate "2023.09.30"]
[SourceVersion "1"]
[SourceVersionDate "2023.09.30"]
[SourceQuality "1"]

1. e4 c5 2. Nf3 Nc6 3. Bb5 Nf6 4. Nc3 g6 5. Bxc6 dxc6 6. d3 Bg7 7. Be3 b6 8. h3 0-0 9. Qd2 e5 10. 0-0 Ne8 11. a3 a5 12. Ne2 f5 13. exf5 gxf5 14. Bh6 Ra7 15. Nc3 Qd6 16. Bxg7 Rxg7 17. Kh1 Nc7 18. Rae1 Re8 19. Na4 b5 20. Nb6 Bb7 21. c4 Nd5 22. cxd5 cxd5 23. Qxa5 d4 24. Qxb5 Re6 25. Nc4 Bxf3 26. Nxd6 Rxg2 27. Qb8+ Kg7 28. Nxf5+ Kf7 29. Qc7+ Kf6 30. Nh4 1-0